| 000 | 00541nam a2200169 a 4500 | ||
|---|---|---|---|
| 001 | 000035212 | ||
| 005 | 20200930074159.0 | ||
| 008 | 111026s1974 nyuac 000 0 spa d | ||
| 020 | _a0063827026 | ||
| 040 |
_aDO-SdBNP _bspa _cBNPHU |
||
| 082 |
_axxxx _bF699l |
||
| 100 | 1 |
_aFord, James M., _d1927- _960960 |
|
| 245 | 1 | 0 |
_aLiving systems : _bprinciples and relationships / _cJames M. Ford, James E. Monroe. |
| 260 |
_aSan Francisco, : _bCanfield Press, _c1974. |
||
| 300 |
_avii, 504 p. : _bil., retr. ; _c27 cm. |
||
| 700 | 1 |
_aMonroe, James _960961 |
|
| 999 |
_c34703 _d34703 |
||